Villes de France en R - Statistiques

Statistiques générales
  • Ce quiz a été pris 123 fois
  • Le résultat moyen est 7 sur 15
Statistiques - réponses
Indices Villes % Correct
Capitale de la région Normandie, lieu où Jeanne d'Arc a été brûlée vivante. Rouen
99%
Plus grande sous-préfecture de France, capitale de la Champagne. Reims
94%
Préfecture de l'Ille-et-Vilaine, ayant accueilli pendant longtemps le siège de Citroën. Rennes
93%
Ville du Nord; souvent considéré comme la ville la plus pauvre de France. Roubaix
79%
Préfecture de l'Aveyron, avec une cathédrale en gré rose. Rodez
62%
Sous-préfecture de la Loire, connue grâce à ses entreprises de tissage du XIXème. Roanne
40%
Sous-préfecture de la Charente-Maritime, ancienne ville royale sous Louis XIV. Rochefort
39%
Sous-préfecture des Yvelines ayant vu la mort du Roi François 1er en 1547. Rambouillet
37%
Ville moyenne de la banlieue de Clermont-Ferrand, ancienne capitale du duché d'Auvergne. Riom
32%
Ville dans la banlieue nantaise, capitale du pays de Retz. Rézé
29%
Ville des Hauts-de-Seine, résidence de Vitaa pendant de nombreuses années. Rueil-Malmaison
28%
Station balnéaire bretonne ayant pour spécialité l'oignon rosé. Roscoff
26%
Sous-préfecture du Loir-et-Cher, non loin du zoo de Beauval. Romorantin-Lanthenay
22%
Ville de Haute-Savoie, considérée comme la capitale mondiale de la poêle avec SEB. Rumilly
16%
Ville d'Ardèche au centre historique du Xème siècle, non loin de Vallon Pont d'Arc. Ruoms
12%
Aucun quiz correspondant
Distribution des résultats
% des personnes avec chaque résultat
Percentile par nombre de réponses
Votre historique - résultats
Vous n’avez pas pris ce quiz